Biografie als narrative Konstruktion
| Main Author: | |
|---|---|
| Format: | Print Article |
| Language: | German |
| Check availability: | HBZ Gateway |
| Interlibrary Loan: | Interlibrary Loan for the Fachinformationsdienste (Specialized Information Services in Germany) |
| Published: |
[2016]
|
| In: |
Religion lernen
Year: 2016, Volume: 7, Pages: 33-46 |
| RelBib Classification: | CD Christianity and Culture ZF Education |
MARC
| LEADER | 00000caa a2200000 c 4500 | ||
|---|---|---|---|
| 001 | 1564038092 | ||
| 003 | DE-627 | ||
| 005 | 20210915120757.0 | ||
| 007 | tu | ||
| 008 | 171004s2016 xx ||||| 00| ||ger c | ||
| 035 | |a (DE-627)1564038092 | ||
| 035 | |a (DE-576)494038098 | ||
| 035 | |a (DE-599)BSZ494038098 | ||
| 040 | |a DE-627 |b ger |c DE-627 |e rda | ||
| 041 | |a ger | ||
| 084 | |a 1 |2 ssgn | ||
| 100 | 1 | |e VerfasserIn |0 (DE-588)123050421 |0 (DE-627)283103663 |0 (DE-576)163144745 |4 aut |a Spinner, Kaspar H. |d 1941- | |
| 109 | |a Spinner, Kaspar H. 1941- |a Spinner, H. Kaspar 1941- |a Spinner, Kaspar Heinrich 1941- |a Spinner, Kaspar 1941- |a Spinner, H. K. 1941- | ||
| 245 | 1 | 0 | |a Biografie als narrative Konstruktion |c Kaspar H. Spinner |
| 264 | 1 | |c [2016] | |
| 336 | |a Text |b txt |2 rdacontent | ||
| 337 | |a ohne Hilfsmittel zu benutzen |b n |2 rdamedia | ||
| 338 | |a Band |b nc |2 rdacarrier | ||
| 601 | |a Biografie | ||
| 601 | |a Konstruktion | ||
| 601 | |a Narrativ | ||
| 652 | |a CD:ZF | ||
| 773 | 0 | 8 | |i Enthalten in |t Religion lernen |d Babenhausen : Verl. LUSA, 2010 |g 7(2016), Seite 33-46 |w (DE-627)631497390 |w (DE-600)2564054-9 |w (DE-576)327833157 |7 nnas |
| 773 | 1 | 8 | |g volume:7 |g year:2016 |g pages:33-46 |
| 951 | |a AR | ||
| ELC | |b 1 | ||
| ITA | |a 1 |t 1 | ||
| LOK | |0 000 xxxxxcx a22 zn 4500 | ||
| LOK | |0 001 2982666197 | ||
| LOK | |0 003 DE-627 | ||
| LOK | |0 004 1564038092 | ||
| LOK | |0 005 20171004102533 | ||
| LOK | |0 008 171004||||||||||||||||ger||||||| | ||
| LOK | |0 040 |a DE-Tue135 |c DE-627 |d DE-Tue135 | ||
| LOK | |0 092 |o n | ||
| LOK | |0 852 |a DE-Tue135 | ||
| LOK | |0 852 1 |9 00 | ||
| LOK | |0 935 |a ixzs | ||
| LOK | |0 936ln |0 1442043857 |a CD | ||
| LOK | |0 936ln |0 1442053712 |a ZF | ||
| LOK | |0 939 |a 04-10-17 |b l01 | ||
| ORI | |a SA-MARC-ixtheoa001.raw | ||
| REL | |a 1 | ||
| SUB | |a REL | ||



